• 首页
  • 本馆介绍
  • 公告通知
  • 最新文献
  • 馆藏检索
  • 电子资源
  • 读者导购
  • 参考咨询
  • 我的图书馆
  • 登录
  • 详细信息显示
  • 放入我的书架
  • 预约/预借图书
  • 作者相关作品
  • 分类相关作品
  • 丛书相关作品
  • 出版社相关作品

书目信息

  • 表格格式
  • 工作单格式
  • 卡片格式
题名:
物质点法
    
 
作者: 张雄 , 陈震 , 刘岩 岩著
分册:  
出版信息: 北京   清华大学出版社  2017.6
页数: 283页
开本: 23cm
丛书名: 计算力学丛书
单 册:
中图分类: O302
科图分类:
主题词: 计算力学--英文
电子资源:
ISBN: 978-7-302-47027-4
000 01111nam 2200277 450
001 0400005497
005 20171029170238.0
010    @a978-7-302-47027-4@dCNY69.00
100    @a20171029e2017 em y0chiy0110 ea
101 0  @aeng
102    @aCN@b110000
105    @ay z 000yy
106    @ar
200 1  @a物质点法@Awu zhi dian fa@f张雄,陈震,刘岩著
210    @a北京@c清华大学出版社@d2017.6@h2017.7
215    @a283页@d23cm
225 2  @a计算力学丛书
330    @a本书系统地论述了物质点法的理论、程序设计和应用,主要内容包括物质点法的空间和时间离散、常用材料强度模型与状态方程、物质点法的接触算法、自适应物质点法、杂交/耦合物质点有限元法、面向对象的物质点法程序设计,以及物质点法在冲击碰撞、爆炸、金属成型等问题中的应用。本书可供航天航空、力学、机械、汽车、土木、水利等领域的科学技术人员以及相关专业的高年级本科生、研究生和教师参考使用。
410  0 @12001 @a计算力学丛书
606 0  @a计算力学@x英文
690    @aO302@v5
701  0 @a张雄@Azhang xiong@4岩著
701  0 @a陈震@Achen zhen@4岩著
701  0 @a刘岩@Aliu yan@4著
801  0 @aCN@b上海新华@c20171029
905    @b1028508-12@dO302@e79@f5
    
    物质点法/张雄,陈震,刘岩著.-北京:清华大学出版社,2017.6(2017.7)
    283页;23cm.-(计算力学丛书)
    
    
    ISBN 978-7-302-47027-4:CNY69.00
    本书系统地论述了物质点法的理论、程序设计和应用,主要内容包括物质点法的空间和时间离散、常用材料强度模型与状态方程、物质点法的接触算法、自适应物质点法、杂交/耦合物质点有限元法、面向对象的物质点法程序设计,以及物质点法在冲击碰撞、爆炸、金属成型等问题中的应用。本书可供航天航空、力学、机械、汽车、土木、水利等领域的科学技术人员以及相关专业的高年级本科生、研究生和教师参考使用。
●
相关链接 在E读中查询图书 在五车中查询图书 在当当中查询图书 在豆瓣中查询图书


正题名:物质点法     索取号:O302/79         预约/预借

序号 登录号 条形码 馆藏地/架位号 状态 备注
1 1028508   210285083   第二样本阅览室/ [索取号:O302/79] 在馆    
2 1028509   210285092   密集书库-数信学院/ [索取号:O302/79] 在馆    
3 1028510   210285109   第三借阅区/ [索取号:O302/79] 在馆    
4 1028511   210285118   第三借阅区/ [索取号:O302/79] 在馆    
5 1028512   210285127   第三借阅区/ [索取号:O302/79] 在馆    
唐山师范学院图书馆 欢迎您!
大连网信软件有限公司© 版权所有